Medical anthropology (Record no. 249)

000 -LEADER
fixed length control field 01615cam a22005657a 4500
001 - CONTROL NUMBER
control field 10570793
003 - CONTROL NUMBER IDENTIFIER
control field LIBRIS
005 - DATE AND TIME OF LATEST TRANSACTION
control field 20241110190206.0
006 - FIXED-LENGTH DATA ELEMENTS--ADDITIONAL MATERIAL CHARACTERISTICS
fixed length control field m | |
007 - PHYSICAL DESCRIPTION FIXED FIELD--GENERAL INFORMATION
fixed length control field cr ||| |||||
008 - FIXED-LENGTH DATA ELEMENTS--GENERAL INFORMATION
fixed length control field 071015s2005 enka||||s|||||000 0|eng|c
020 ## - INTERNATIONAL STANDARD BOOK NUMBER
International Standard Book Number 0335218504 (pbk.)
035 ## - SYSTEM CONTROL NUMBER
System control number (CaPaEBR)ebr10175199
035 ## - SYSTEM CONTROL NUMBER
System control number (ALMA)991001024121303631
035 ## - SYSTEM CONTROL NUMBER
System control number (WaSeSS)ssj0000200428
035 ## - SYSTEM CONTROL NUMBER
System control number (ALMA)9938543502336
035 ## - SYSTEM CONTROL NUMBER
System control number (WaSeSS)ssj0000200428
035 ## - SYSTEM CONTROL NUMBER
System control number (ALMA)993444374803662
035 ## - SYSTEM CONTROL NUMBER
System control number (EBZ)ebs460362e
035 ## - SYSTEM CONTROL NUMBER
System control number (EBZ)ebs460362e
035 ## - SYSTEM CONTROL NUMBER
System control number (ALMA)9919279197705121
035 ## - SYSTEM CONTROL NUMBER
System control number (EBZ)ebs460362e
035 ## - SYSTEM CONTROL NUMBER
System control number (EBZ)ebs460362e
035 ## - SYSTEM CONTROL NUMBER
System control number (EBZ)ebs460362e
035 ## - SYSTEM CONTROL NUMBER
System control number (ALMA)996952449903661
035 ## - SYSTEM CONTROL NUMBER
System control number (EBZ)ebs460362e
035 ## - SYSTEM CONTROL NUMBER
System control number (ALMA)991000940127603211
035 ## - SYSTEM CONTROL NUMBER
System control number (ALMA)999330203603663
035 ## - SYSTEM CONTROL NUMBER
System control number (EBZ)ebs460362e
035 ## - SYSTEM CONTROL NUMBER
System control number (ALMA)9921375091504996
035 ## - SYSTEM CONTROL NUMBER
System control number (WaSeSS)ssj0000200428
035 ## - SYSTEM CONTROL NUMBER
System control number (EBZ)ebs460362e
040 ## - CATALOGING SOURCE
Original cataloging agency CaPaEBR
Transcribing agency CaPaEBR
Description conventions a
041 ## - LANGUAGE CODE
Language code of text/sound track or separate title eng
050 #4 - LIBRARY OF CONGRESS CALL NUMBER
Classification number GN296
080 ## - UNIVERSAL DECIMAL CLASSIFICATION NUMBER
Universal Decimal Classification number 572
Item number P-83
082 04 - DEWEY DECIMAL CLASSIFICATION NUMBER
Classification number 306.461
Edition number 22
084 ## - OTHER CLASSIFICATION NUMBER
Classification number V:oa/DR
Number source kssb/7
084 ## - OTHER CLASSIFICATION NUMBER
Classification number V:oa
Number source kssb/7
100 1# - MAIN ENTRY--PERSONAL NAME
Personal name Pool, Robert.
245 10 - TITLE STATEMENT
Title Medical anthropology
Statement of responsibility, etc. Robert Pool and Wenzel Geissler.
260 ## - PUBLICATION, DISTRIBUTION, ETC.
Place of publication, distribution, etc. Maidenhead :
Name of publisher, distributor, etc. Open University Press,
Date of publication, distribution, etc. 2005
300 ## - PHYSICAL DESCRIPTION
Extent viii, 172 p.
Other physical details ill.
365 ## - TRADE PRICE
Price amount 57.10 usd
650 #0 - SUBJECT ADDED ENTRY--TOPICAL TERM
Topical term or geographic name entry element Medical anthropology.
650 #0 - SUBJECT ADDED ENTRY--TOPICAL TERM
Topical term or geographic name entry element Anthropology.
653 ## - INDEX TERM--UNCONTROLLED
Uncontrolled term სამედიცინო ანთროპოლოგია
700 1# - ADDED ENTRY--PERSONAL NAME
Personal name Geissler, Wenzel.
942 ## - ADDED ENTRY ELEMENTS (KOHA)
Source of classification or shelving scheme
Koha item type Books
Holdings
Withdrawn status Lost status Source of classification or shelving scheme Damaged status Not for loan Permanent location Current location Date acquired Inventory number Total Checkouts Full call number Barcode Date last seen Price effective from Koha item type Date last checked out
          Ken Walker International University Ken Walker International University 11/17/2020 1007   572 P-83 1007 11/17/2020 11/17/2020 Books  
          Ken Walker International University Ken Walker International University 02/01/2021 670 1 572 P-83 670 03/28/2023 02/01/2021 Books 03/28/2023

Powered by Koha